000 00570cam a2200145 4500500
005 20260208002440.0
041 _afre
042 _adc
100 1 0 _aMasset, Claude
_eauthor
245 0 0 _aCai Hua, L’Homme pensé par l’homme. Du statut scientifique des sciences sociales, Paris, Presses universitaires de France, 2008, 204 p., bibl., index, fig.
260 _c2011.
500 _a24
786 0 _nL'Homme | 198-199 | 2 | 2011-07-01 | p. 367l-402l | 0439-4216
856 4 1 _uhttps://shs.cairn.info/revue-l-homme-2011-2-page-367l?lang=fr&redirect-ssocas=7080
999 _c1646407
_d1646407